Netradičný víkend s izraelským umením

Bibliographic Details
Main Author: Bachleda, Stanislav, 1943- (Author)
Format: Article
Language:Slovak
Subjects:

MARC

LEADER 00000nab a2200000 a 4500
001 vtls000562344
003 SK-MaSNL
005 20260305021255.0
008 120929c1995 xo 0 slo
015 |a SNBRB19rr/mm-uuuuu 
035 |a CL0562482 
040 |a SNKBUCL  |b slo  |c SNKBUCL  |e AACR2 
041 0 |a slo 
044 |a xo  |c SK 
080 |a 7.091.4:008(569.4)  |2 1981 
080 |a 008(569.4)  |2 1981 
100 1 |a Bachleda, Stanislav,  |d 1943-  |4 aut  |9 243416 
245 1 0 |a Netradičný víkend s izraelským umením  |c Stanislav Bachleda 
650 0 7 |a izraelské umenie  |2 SNKPH  |9 193444 
650 0 7 |a židovská kultúra  |2 snkbucl  |9 4095 
650 0 7 |a Dni Jeruzalema v Bratislave  |2 snkbucl  |9 1597752 
655 7 |a články z novín a časopisov  |2 snkbucl  |9 267496 
773 0 |t Národná obroda  |g Roč. 6, č. 210 (11. 9. 1995), s. 8 
850 |a Slovenská národná knižnica v Martine  |a MTA001 
852 |a SNK  |b KIS3GCP 
958 |a RK 
992 |a RBX 
999 |c 3284841  |d 3286771